000 02022cam a22004934i 4500
003 PE-LiUPU
005 20250731173353.0
008 150706s r 000 0 d
020 _a9781933291482
035 _a(Sirsi) i9781933291482
040 _aPE-LiUPU
_bspa
_cPE-LiUPU
_erda
049 _aPRUA
082 0 4 _a230
_bS47
_221
100 1 _aShelton, Danny,
_eautor.
245 1 0 _aPillars of the christian faith /
_cDanny Shelton y Jim Gilley.
264 1 _aChicago :
_bRemmant Publications,
_c2010.
300 _a126 páginas ;
_c22 centímetros
336 _atext
_2rdacontent
337 _aunmediated
_2rdamedia
338 _avolume
_2rdacarrier
500 _aEn la cubierta: "Chiseled, Migfty & Immovable".
504 _aIncluye notas bibliográficas.
505 0 _aDid God create both good and evil? -Traveling through time -- What is going on in Heaven rigth now? -The Ten commandments -- Clearing the fog about day number seven -- God´s law and his grace - Partners or Enemies? - Baptism, Salvation, and You -- What comes after death? - How God will soon end sin forever -- Second and third arrival of the King -- God´s messages - God´s messengers -- Final Warning.
526 _aSEG42
526 _aSEG41
526 _aSEG40
526 _aSEG39
526 _aP94
526 _aP87
526 _aP86
526 _aP85
526 _aP77
526 _aP76
526 _aP35
541 _g001-0000476;
650 0 4 _aDoctrinas (Cristianismo).
700 1 _aGilley, Jim,
_eautor.
910 _bjv
_cjvm
_d20100720
942 _2ddc
_cBOOK
949 _a230 S47
_wDEWEY
_c1
_i61937
_lCCODEBUL1
_mBUL
_p9.00
_r0
_sY
_tBOOK
_u2015-7-6
_xTEOLOGIA
_PP35
_0COMPRA
_o.STAFF. Colección General
994 _aC0
_bPEPRU
596 _a1
999 _a230 S47
_wDEWEY
_c51056
_i61937
_f2021-11-9
_g6
_lCCODEBUL1
_mBUL
_p9.00
_r0
_sY
_tBOOK
_u2015-7-6
_xTEOLOGIA
_PP35
_0COMPRA
_o.STAFF. Colección General
_d51056
980 _81
_gALBERTO SANCHEZ Responsable de Automatización